Obsahový marketing /
Příručka přináší definici obsahového marketingu, zaobírá se jeho výhodami i nevýhodami, soustředí se na vytváření týmu pro produkci obsahu, vytváření obsahové strategie a způsoby samotné tvorby obsahu, propagaci obsahu a měření výsledků tohoto druhu internetového marketingu. Přílohy....
Uloženo v:
| Hlavní autor: | |
|---|---|
| Další autoři: | |
| Médium: | E-kniha |
| Jazyk: | Czech |
| Vydáno: |
Brno :
Computer Press,
2014
|
| Vydání: | 1. vyd. |
| Témata: | |
| Tagy: |
Žádné tagy |
| LEADER | 02241nam a2200493 a 4500 | ||
|---|---|---|---|
| 001 | 296887 | ||
| 003 | CZ PrSKC | ||
| 005 | 20260407070833.0 | ||
| 007 | ta | ||
| 008 | 131213s2014 xr a e f 001 0 cze | ||
| 015 | |a cnb002535381 | ||
| 020 | |a 9788025141526 |q (brož.) | ||
| 035 | |a (OCoLC)876340960 | ||
| 040 | |a ABA001 |b cze | ||
| 072 | 7 | |a 658 |x Řízení a správa podniku |2 Konspekt | |
| 080 | |a 658.8:004.738.5 |2 MRF | ||
| 080 | |a 004.738.12 |2 MRF | ||
| 080 | |a 658.8:659.122 |2 MRF | ||
| 080 | |a (035) |2 MRF | ||
| 100 | 1 | |a Procházka, Tomáš |7 jo2014811161 |4 aut | |
| 245 | 1 | 0 | |a Obsahový marketing / |c Tomáš Procházka, Josef Řezníček |
| 250 | |a 1. vyd. | ||
| 260 | |a Brno : |b Computer Press, |c 2014 | ||
| 300 | |a 224 s. : |b il. ; |c 23 cm | ||
| 500 | |a Údaje o odpovědnosti na obálce: Josef Řezníček, Tomáš Procházka | ||
| 504 | |a Obsahuje bibliografii a rejstřík | ||
| 520 | 2 | |a Příručka přináší definici obsahového marketingu, zaobírá se jeho výhodami i nevýhodami, soustředí se na vytváření týmu pro produkci obsahu, vytváření obsahové strategie a způsoby samotné tvorby obsahu, propagaci obsahu a měření výsledků tohoto druhu internetového marketingu. Přílohy. | |
| 520 | 2 | |a Příručka seznamuje s teorií i praxí obsahového marketingu. | |
| 650 | 0 | 7 | |a internetový marketing |7 ph137251 |2 czenas |
| 650 | 0 | 7 | |a webové stránky |7 ph117163 |2 czenas |
| 650 | 0 | 7 | |a obsahový marketing |7 ph1060952 |2 czenas |
| 650 | 0 | 9 | |a Internet marketing |2 eczenas |
| 650 | 0 | 9 | |a web pages |2 eczenas |
| 650 | 0 | 9 | |a content marketing |2 eczenas |
| 653 | 0 | |a správa obsahu webu | |
| 655 | 7 | |a příručky |7 fd133209 |2 czenas | |
| 655 | 9 | |a handbooks and manuals |2 eczenas | |
| 700 | 1 | |a Řezníček, Josef |7 jo2014811163 |4 aut | |
| 900 | |a ABA001 |b 17 | ||
| 928 | 9 | |a Albatros Media - Computer Press | |
| 044 | |a xr | ||
| 910 | |a RBIT002 | ||
| 998 | |d 169310 |a https://core.palmknihy.cz/api/books/169310/cover?whpatj |b https://core.palmknihy.cz/api/books/169310/cover/400?ahqn5h |c https://core.palmknihy.cz/api/books/169310/cover/50?bod9e2 |e 2083-11-14 |g 224 |i 9788025141526 |j https://core.palmknihy.cz/api/books/169310/preview.epub |l |q 49 |r 1 |s https://www.palmknihy.cz/kniha/169310 |t ebook |y 2014 |z 0 | ||
| 999 | |d 296885 | ||